045_ Personnalités nées un 14 février par images - Statistiques

Statistiques générales
  • Ce quiz a été pris 36 fois
  • Le résultat moyen est 3 sur 12
Statistiques - réponses
Par images Hint Réponse % Correct
Footballeur Angel Di Maria
79%
Footballeur Lucas Hernandez
71%
Rappeur Kalash Criminel
47%
Cycliste Cadel Evans
35%
Acteur Simon Pegg
26%
Acteur Freddie Highmore
21%
Nageuse Charlotte Bonnet
12%
Chanteuse Karol G
12%
Dirigeant Politique Mark Rutte
12%
Patineuse Annick Dumont
6%
Actrice Danai Gurira
0%
Hockeyeuse et Politicienne Hazel McCallion
0%
Aucun quiz correspondant
Distribution des résultats
% des personnes avec chaque résultat
Percentile par nombre de réponses
Votre historique - résultats
Vous n’avez pas pris ce quiz